000 00682nam a2200289Ia 4500
005 20260324133846.0
008 008 260324s9999 xx 000 0 eng d
020 _a9781315190136
037 _aEBOOK
040 _aCRL
040 _beng
040 _cCRL
041 _2eng
041 _aeng
084 _qCRL
100 _aIain M. MacKenzie
_91194664
245 0 _aGod's Order and Natural Law
245 4 _bThe Works of the Laudian Divines
260 _bTaylor and Francis
260 _c2002
365 _a
365 _b130
856 _uhttp://www.taylorfrancis.com/books/9781315190136
942 _cEBOOK
999 _c1794142
_d1794142